[Event "Neuquen Las Balsas op"]
[Site "Neuquen"]
[Date "2022.06.17"]
[Round "1"]
[White "Francisco Guecamburu, Candela Be"]
[Black "Medina, Gonzalo"]
[Result "1-0"]
[WhiteElo "2223"]
[BlackElo "1679"]
[PlyCount "59"]
[EventDate "2022.06.17"]
[EventType "swiss"]
[EventRounds "7"]
[EventCountry "ARG"]
[SourceTitle "CBM 208 Extra"]
[Source "ChessBase"]
[SourceDate "2022.07.31"]
[SourceVersion "1"]
[SourceVersionDate "2022.07.31"]
[SourceQuality "1"]

1. e4 c5 2. Nf3 Nc6 3. Bb5 a6 4. Bxc6 bxc6 5. d3 g6 6. Nc3 Bg7 7. Be3 Qa5 8. Nd2 Bxc3 9. bxc3 Qxc3 10. 0-0 d6 11. Rb1 Qa5 12. Nc4 Qd8 13. Bd2 e5 14. f4 Be6 15. Ba5 Qe7 16. Rb7 Qf8 17. fxe5 dxe5 18. Bc7 Bxc4 19. dxc4 Qe7 20. Qb1 Rc8 21. Bb8 Qd8 22. Bxe5 f6 23. Bc3 Qd6 24. e5 Qe6 25. Rd1 Nh6 26. Rd6 Qxc4 27. Re7+ Kf8 28. Rxf6+ Kxe7 29. Qb7+ Kd8 30. Ba5+ 1-0